U kon k'ajlayil lu'umil México /

Bibliographic Details
Main Author: Escalante, Pablo, 1963- (Author)
Other Authors: Villegas Carillo, Wildernain (Translator)
Format: Electronic eBook
Language:Spanish
Mayan languages
Published: Ciudad de México, México : El Colegio de México, 2023.
Series:Historia mínima (Mexico City, Mexico)
Subjects:
Online Access:Digitalia Hispánica

MARC

LEADER 00000nam a2200000 i 4500
001 DIGCOLMX0535
003 NyNyDIG
006 m o d
007 cr |||||||||||
008 240204s2023 mx o 000 0 spa d
035 |a (OCoLC)1410604486 
040 |a DGITA  |b eng  |e rda  |e pn  |c DGITA 
020 |a 9786075645490  |q electrónica 
020 |z 9786075644639  |q impreso 
041 1 |a myn  |h spa 
043 |a n-mx---  
050 1 4 |a F1226 ebook 
130 0 |a Nueva historia mínima de México en maya.  |l Mayan languages 
245 1 0 |a U kon k'ajlayil lu'umil México /  |c Pablo Escalante Gonzalbo [and 6 others] ; máansa'an ich maaya meen, Wildernain Villegas Carillo [and 11 others]. 
264 1 |a Ciudad de México, México :  |b El Colegio de México,  |c 2023. 
300 |a 1 online resource. 
336 |a text  |b txt  |2 rdacontent 
337 |a computer file  |b c  |2 rdamedia 
338 |a online resource  |b cr  |2 rdacarrier 
347 |a text file  |2 rdaft 
347 |b EPUB 
490 1 |a Historia mínima 
588 0 |a Online resource; title from ePub title page (Digitalia, viewed February 4, 2024) 
651 0 |a Mexico  |x History. 
650 0 |a Mayan languages. 
700 1 |a Escalante, Pablo,  |d 1963-  |e author. 
700 1 |a Villegas Carillo, Wildernain,  |e translator. 
776 0 8 |i Print version:  |a Nueva historia mínima de México en maya. Mayan languages.  |t U kon k'ajlayil lu'umil México.  |d Ciudad de México, México : El Colegio de México, 2023  |z 9786075644639 
791 2 |a Digitalia (Firm),  |e distributor. 
793 0 |g Digitalia eBook Collection:  |a El Colegio de México 
830 0 |a Historia mínima (Mexico City, Mexico) 
856 4 0 |3 Digitalia Hispánica  |u https://www.digitaliapublishing.com/a/133060/ 
910 |a Premium collection: 2024